Comentários à lei de acesso à informação : (Record no. 132)

MARC details
000 -LÍDER
Campo Fixo de Controle 00822cam a2200253 a 4500
001 - NÚMERO DE CONTROLE
Campo de Controle 132
003 - IDENTIFICAÇÃO DO NÚMERO DE CONTROLE
Campo de Controle BR-CuiBMT
005 - DATA E HORA DA ÚLTIMA ATUALIZAÇÃO
Campo de Controle 20231116050123.0
008 - DADOS FIXOS
Dados Fixos 230818s2023 mgba 000 0 por d
020 ## - INTERNATIONAL STANDARD BOOK NUMBER
Nº do ISBN 9786555184761
040 ## - AGÊNCIA CATALOGADORA
Código da Agência Catalogadora BR-CuiBMT
Agência que transcreveu o registro BR-CuiBMT
080 ## - Nº DA CLASSIFICAÇÃO DECIMAL UNIVERSAL
Nº edição CDU 2007
Nº Class. CDU 351.9
Subd. Auxiliar Comum (094.5)
090 ## - NÚMERO DE CHAMADA
Nº classificação 351.9(094.5)
Cutter H468c
Ano/Edição 3. ed.
100 1# - ENTRADA PRINCIPAL -- AUTOR PESSOAL
Nome pessoal Heinen, Juliano
245 10 - TÍTULO PRINCIPAL
Título principal Comentários à lei de acesso à informação :
Subtítulo Lei nº 12.527/2011 /
Indicação de responsabilidade Juliano Heinen.
250 ## - EDIÇÃO
Edição 3. ed., rev. e atual.
260 ## - PUBLICAÇÃO, DISTRIBUIÇÃO, ETC.
Local de publicação Belo Horizonte :
Editora Fórum,
Data 2023.
300 ## - DESCRIÇÃO FÍSICA
N. páginas ou volumes 409 p. :
Ilustrações il. ;
Dimensões 22 cm
504 ## - NOTA DE BIBLIOGRAFIA, ETC.
Nota de bibliografia Inclui bibliografia.
650 ## - ASSUNTO TÓPICO
Cabeçalho tópico ou nome geográfico Lei de acesso à informação
650 ## - ASSUNTO TÓPICO
Cabeçalho tópico ou nome geográfico Informações governamentais
Subdivisão geral Controle de acesso
Subdivisão geográfica Brasil
650 ## - ASSUNTO TÓPICO
Cabeçalho tópico ou nome geográfico Acesso à informação
Subdivisão de forma Legislação
Subdivisão geográfica Brasil
942 ## - ELEMENTOS DE ENTRADA ADICIONAIS (KOHA)
Fonte de classificação ou esquema de arquivamento Classificação Decimal Universal
Tipo de item do Koha Livros
Holdings
Estado: removido Estado: perdido Fonte de classificação ou esquema de arquivamento Estado: danificado Indisponível para empréstimo Localização permanente Localização atual Data de aquisição Total Checkouts Número de Chamada completo Código de barras Date last seen Número do exemplar Preço efetivo a partir de Tipo de item (Koha)
    Classificação Decimal Universal     Biblioteca da Escola Superior de Contas do TCE/MT Biblioteca da Escola Superior de Contas do TCE/MT 28/07/2023   351.9(094.5) H468c 3. ed. BIBTCEMT23080109 18/08/2023 Ex. 1 18/08/2023 Livros

Powered by Koha